Распоряжение ГКО СССР № 5293 о поставке дров заводу № 63 Наркомата боеприпасов из ресурсов Ивдельлага Наркомата внутренних дел

RUSMARC
00005502cbm0a2200337#x 450
0014f4a74c7-1b18-46fd-bc2d-7a924d743d2b
00520250905092936.0
100##$a20250905j19440305k###0rusy50 ca
1010#$arus
102##$aRU
105##$ay###z########
1220#$ad19440305##
2001#$aРаспоряжение ГКО СССР № 5293 о поставке дров заводу № 63 Наркомата боеприпасов из ресурсов Ивдельлага Наркомата внутренних дел
$j5 марта 1944 г.
251##$cДокумент
300##$aРассылочный и подлинный экземпляры
461#0$12001
$aФ. 644
$1251
$cФонд
$1852
$j644
462#0$12001
$aОп. 1
$1251
$cОпись
$1852
$j1
60101$2nlr_sh
$3RU\NLR\AUTH\6601614128
$aСССР
$bГосударственный Комитет Обороны
$xИстория
$z1941 - 1945
$jДокументы и материалы
605##$2prlib_sh
$3LIBNET\UAF\0000088514
$aВторая мировая война в архивных документах (Комплекс оцифрованных архивных документов, кино- и фотоматериалов)
$lколлекция
605##$2acquisition_Prlib
$3DITM\AF\0000002775
$aВласть
$lколлекция
6061#$2nlr_sh
$3RU\NLR\AUTH\661280795
$aВеликая Отечественная война
$z1941 - 1945
$xТыл(воен.)
$jДокументы и материалы
6061#$2nlr_sh1
$3RU\NLR\AUTH\66398791
$aДрова
$xЗаготовки
$jДокументы и материалы
6061#$2nlr_sh
$3RU\NLR\AUTH\661323374
$aПромышленность
$xИстория
$yСССР
$z1941 - 1945
$jДокументы и материалы
6061#$2nlr_sh1
$3RU\NLR\AUTH\66618486
$aЛесные материалы
$xПоставки
$yСССР
$jДокументы и материалы
686##$a63.3(2)622,13ю1
$vLBC/M
$2rubbk
686##$a65.03(2)62ю1
$vLBC/M
$2rubbk
801#0$aRU
$bПБ им. Б.Н. Ельцина
$c20250905
801#1$aRU
$bПБ им. Б.Н. Ельцина
$c20250905
$2rusmarc
801#2$aRU
$bПБ им. Б.Н. Ельцина
$c20250905
$2rusmarc
850##$aРоссийский государственный архив социально-политической истории
852##$aРГАСПИ
$jД. 215. Л. 56-56об.; Оп. 2. Д. 291. Л. 65-65об.
035##$aLIBNET\0001496365
937##$d197655497
$hФедеральное архивное агентство
8564#$uhttp://readingroom.main.prlib.ru/item.aspx?id_node=n197655497&mode=full
Формат отображения